00588nam a2200169 i 450000100060000000300090000600500170001500700030003200800410003510000380007624500670011426000440018130000220022585200320024799900170027995201220029670036ES-MaACL20230906170710.0t|040715s1972 sp ||||1| spa d1 aGarcía Miñor, Antonio.95495413aLa aldea despoblada b: (novela) / cAntonio García Miñor. aOviedo : b[s.n., c1972] (f"La Cruz") a342 p. ; c21 cm. aES-MaACLjC-48863 bR.83340 c70036d70036 00104070aATENEOMbATENEOMcDEPO2d2008-01-17eSCl0oC-48863p1073340r2023-02-23 00:00:00w2023-02-23yMONOGRAFIA